[Event "Copenhagen Obro CXU New Year op"]
[Site "Copenhagen"]
[Date "2023.12.27"]
[Round "2"]
[White "Nielsen Refs, Karl Emil Elmer"]
[Black "Slavensky, Asbjorn Vesterkar"]
[Result "0-1"]
[WhiteElo "1810"]
[BlackElo "1808"]
[PlyCount "76"]
[EventDate "2023.12.27"]
[EventType "swiss"]
[EventRounds "7"]
[EventCountry "DEN"]
[SourceTitle "CB01_2024"]
[SourceDate "2024.01.03"]
[SourceVersion "1"]
[SourceVersionDate "2024.01.03"]
[SourceQuality "1"]

1. d4 Nf6 2. c4 c5 3. d5 e6 4. Nc3 exd5 5. cxd5 d6 6. Nf3 g6 7. Bg5 Bg7 8. Nd2 a6 9. a4 Nbd7 10. e4 0-0 11. Be2 Qc7 12. f4 Re8 13. 0-0 h6 14. Bh4 Nh7 15. Qb3 Ndf6 16. Bg3 Bg4 17. Rae1 Bxe2 18. Rxe2 Nh5 19. Be1 Rab8 20. g4 Bd4+ 21. Kh1 N5f6 22. h3 b5 23. Qc2 b4 24. Nd1 Qd7 25. Nf3 b3 26. Qc4 Nxe4 27. Qd3 f5 28. Nh4 Qf7 29. gxf5 Qxd5 30. Rg2 g5 31. Ne3 Ng3+ 32. Bxg3 Rxe3 33. Ng6 Rbe8 34. Qxe3 Bxe3 35. Kh2 Qxf5 36. fxg5 Qxf1 37. gxh6 Bg5 38. Bh4 Re2 0-1